[Event "Criciuma op-B"]
[Site "Criciuma"]
[Date "2024.01.16"]
[Round "6"]
[White "Rolim, Claudia Vitoria Fer"]
[Black "Bon, Davi Silva"]
[Result "0-1"]
[WhiteElo "1745"]
[BlackElo "1800"]
[PlyCount "50"]
[EventDate "2024.01.12"]
[EventType "swiss"]
[EventRounds "9"]
[EventCountry "BRA"]
[SourceTitle "CB04_2024"]
[SourceDate "2023.10.16"]
[SourceVersion "1"]
[SourceVersionDate "2023.10.16"]
[SourceQuality "1"]

1. e4 c5 2. Nf3 d6 3. Bb5+ Bd7 4. Bxd7+ Nxd7 5. 0-0 Ngf6 6. Qe2 g6 7. c3 Bg7 8. d4 cxd4 9. Nxd4 0-0 10. Rd1 a6 11. a4 h5 12. b3 Qc7 13. c4 Nc5 14. Nd2 Ng4 15. Bb2 d5 16. N4f3 dxe4 17. g3 exf3 18. Nxf3 Bxb2 19. Qxb2 Qc6 20. Nd4 Qf6 21. Rd2 Rad8 22. Rad1 e5 23. Qa3 Ne4 24. Rd3 Qxf2+ 25. Kh1 Qxh2# 0-1

[Event "Criciuma op-B"]
[Site "Criciuma"]
[Date "2024.01.14"]
[Round "4"]
[White "Sombrio, Otto de Henrique"]
[Black "Bon, Davi Silva"]
[Result "1-0"]
[WhiteElo "1341"]
[BlackElo "1800"]
[PlyCount "102"]
[EventDate "2024.01.12"]
[EventType "swiss"]
[EventRounds "9"]
[EventCountry "BRA"]
[SourceTitle "CB04_2024"]
[SourceDate "2023.10.16"]
[SourceVersion "1"]
[SourceVersionDate "2023.10.16"]
[SourceQuality "1"]

1. d4 Nf6 2. c4 g6 3. Nf3 Bg7 4. Nc3 d6 5. e4 0-0 6. h3 e5 7. d5 Nbd7 8. Be3 a5 9. g4 h5 10. Nd2 h4 11. Bg5 c5 12. Bxh4 Qb6 13. Qc2 Nb8 14. Be2 Na6 15. a3 Nc7 16. f3 Bd7 17. Bf2 Bh6 18. h4 Bf4 19. Nf1 Kg7 20. Be3 Bxe3 21. Nxe3 Rh8 22. 0-0-0 Rh7 23. Qd2 Rah8 24. Qe1 Qa7 25. Qg3 b5 26. cxb5 c4 27. Qf2 Qb7 28. a4 Na8 29. Nxc4 Qb8 30. Nxa5 Rc8 31. Kb1 Qc7 32. Nc6 Bxc6 33. dxc6 Nb6 34. Rd2 Ra8 35. Bd1 Nc4 36. Rd3 Rhh8 37. Bb3 Na5 38. Bc2 Nc4 39. Rhd1 Rhd8 40. Nd5 Nxd5 41. Rxd5 Qa5 42. b3 Qb4 43. Qe1 Na3+ 44. Kb2 Nc4+ 45. Kb1 Na3+ 46. Kc1 Nxc2 47. Kxc2 Qa3 48. Ra1 Rxa4 49. Rxa3 Rxa3 50. c7 Rc8 51. b6 Ra2+ 1-0